000 003730000a22001450004500
001 001645
003 MACL
040 _aMACL
090 _c13638
_d13637
100 _aTagare, G.V
245 _aAncient Indian Tradition & Mythology The SkandaP̜urana
_bVol 52 Part IV
_cG.V Tagare
260 _aMotilal Banarsidass Publisher,
_c1993
650 _aReligion
942 _k295
_cBook
999 _c13563
_d13563